| 000 | 00592nam a2200193 a 4500 | ||
|---|---|---|---|
| 005 | 20210223125101.0 | ||
| 008 | 030826s1996 mx r 000 0 spa d | ||
| 020 | _a9223085179 | ||
| 035 | _aUPN01000128213 | ||
| 049 | _aCG | ||
| 050 | 4 |
_aHD69 C6 _bK8.3 |
|
| 100 | 1 | _aKubr, Milan | |
| 245 | 1 | 0 |
_aCómo seleccionar y trabajar con consultores : _bguía para el cliente / _cMilan Kubr. |
| 260 |
_aGinebra : _bOIT, _c1996. |
||
| 300 | _a233 p. | ||
| 534 |
_pTraducción de: _tHow to select and use consultants : a client's guide |
||
| 650 | 4 |
_aCONSULTORES DE NEGOCIOS _912249 |
|
| 905 | _aLibro | ||
| 999 |
_c100392 _d100392 |
||